[Event "1st WMSG Blitz Team w"]
[Site "Beijing CHN"]
[Date "2008.10.13"]
[Round "8"]
[White "Cua,Sheri"]
[Black "Al Rufei,EH"]
[Result "1-0"]
[WhiteElo "2143"]
[BlackElo "2140"]

1.d4 Nf6 2.c4 e6 3.g3 d5 4.Bg2 Be7 5.Nf3 O-O 6.O-O Nbd7 7.Nbd2 c5 8.b3 cxd4
9.Nxd4 e5 10.Nf5 Nb6 11.Nxe7+ Qxe7 12.a4 Rd8 13.Qc2 dxc4 14.Nxc4 Nxc4 15.bxc4 Be6
16.Ba3 Qc7 17.c5 Bd5 18.e4 Bc6 19.Bb2 Rac8 20.Rfc1 Nd7 21.Bf3 a5 22.Kg2 Nb8
23.Qc3 f6 24.h4 Na6 25.Ba3 Kh8 26.Qc4 Rd4 27.Qe2 Rxa4 28.h5 Rd4 29.Bb2 Rdd8
30.Bc3 Nb4 31.Qc4 b5 32.cxb6 Qxb6 33.Qe2 Bb5 34.Qe1 Nd3 35.Qg1 Nxc1 36.Rxc1 Rc7
37.Bb2 Rdc8 38.Ra1 Rc2 39.Ba3 Rd2 40.Bd1 Rcd8 41.Bf3 Rc8 42.Bc1 Rdc2 43.Ba3 a4
44.h6 Bc4 45.hxg7+ Kxg7 46.Qe1 Bb3 47.Rd1 R2c7 48.Rd6 Qa7 49.Qd2 h6 50.Bg4 Re8
51.Bf5 Ree7 52.Qe2 Bc4 53.Qg4+ Kf8 54.Qg6 Rg7 55.Qxf6+ Rcf7 56.Rd8+  1-0

[Event "1st WMSG Blitz Team w"]
[Site "Beijing CHN"]
[Date "2008.10.13"]
[Round "8"]
[White "Vasilevich,T"]
[Black "Azarova,N"]
[Result "0-1"]
[WhiteElo "2368"]
[BlackElo "2308"]

1.d4 Nf6 2.c4 e6 3.g3 d5 4.Bg2 Be7 5.Nf3 O-O 6.O-O dxc4 7.Qc2 a6 8.a4 Nbd7
9.Qxc4 c6 10.Nc3 Nb6 11.Qb3 a5 12.Ne5 Nfd5 13.e4 Nb4 14.Rd1 f6 15.Nf3 Kh8
16.Be3 Qc7 17.Rac1 Bd7 18.d5 exd5 19.exd5 Nc8 20.Nd4 Nd6 21.dxc6 bxc6 22.Ndb5 Qb8
23.Nxd6 Bxd6 24.Ne4 Nd5 25.Nxd6 Qxb3 26.Ne4 Nxe3 27.Rxd7 Nxg2 28.Kxg2 Rae8
29.Nc5 Qxb2 30.Nd3 Qb3 31.Rxc6 Qxa4 32.Rcc7 Qe4+ 33.Kh3 a4 34.Rxg7 Qxd3 35.f4 a3
36.Ra7 Ra8 37.Rad7 Qf5+ 38.g4 Qe4 39.f5 Qe3+ 40.Kg2 Qh6  0-1

[Event "1st WMSG Blitz Team w"]
[Site "Beijing CHN"]
[Date "2008.10.13"]
[Round "9"]
[White "Houska,Jo"]
[Black "Borosova,Z"]
[Result "1-0"]
[WhiteElo "2399"]
[BlackElo "2234"]

1.d4 d5 2.Nf3 Nf6 3.c4 e6 4.g3 Be7 5.Bg2 O-O 6.O-O dxc4 7.Qc2 a6 8.Qxc4 b5
9.Qc2 Bb7 10.Nc3 Nbd7 11.Bg5 h6 12.Bf4 c5 13.dxc5 Nxc5 14.Rfd1 Qb6 15.h3 Rac8
16.Be3 Qc7 17.Rac1 Nce4 18.Qb3 Qa5 19.Nxe4 Bxe4 20.Nd4 Bxg2 21.Kxg2 Nd5 22.Nc6 Qc7
23.Bd2 Qb7 24.Nxe7+ Qxe7 25.e4 Nf6 26.Bb4 Qb7 27.Bxf8 Rxf8 28.Qf3 Qb6 29.Rd3 Qa5
30.a3 Qa4 31.Re1 a5 32.Qd1 Qxd1 33.Rdxd1 Rc8 34.Rd2 Rc4 35.f3 Kf8 36.h4 Ke7
37.g4 Nd7 38.b3 Rc3 39.a4 Rxb3 40.axb5 Rxb5 41.Rc1 Rb7 42.Ra1 Nc5 43.Rc2 Nb3
44.Rb2 Kd6 45.Ra3 a4 46.Rxa4 Kc5 47.Kg3 Rb6 48.g5 hxg5 49.hxg5 f6 50.gxf6 gxf6
51.Kf4 Rb5 52.Kg4 Kc6 53.Ra3 Nd4 54.Rxb5 Nxb5 55.Ra6+ Kd7 56.Rb6 Nd4 57.Rb7+ Kc6
58.Rf7 f5+ 59.exf5 exf5+ 60.Rxf5 Nxf5 61.Kxf5 Kd7 62.Kf6 Ke8 63.f4 Kf8 64.f5  1-0

[Event "1st WMSG Blitz Team w"]
[Site "Beijing CHN"]
[Date "2008.10.13"]
[Round "10"]
[White "Hryhorenko,N"]
[Black "Le Kieu Thien Kim"]
[Result "0-1"]
[WhiteElo "2349"]
[BlackElo "2291"]

1.d4 d5 2.Nf3 Nf6 3.c4 e6 4.g3 Be7 5.Bg2 O-O 6.O-O c6 7.Qc2 Nbd7 8.b3 b6
9.Nc3 Bb7 10.Rd1 Rc8 11.e4 dxe4 12.Nxe4 c5 13.Nxf6+ Bxf6 14.Ng5 Bxg5 15.Bxb7 Rc7
16.Be4 f5 17.Bg2 cxd4 18.Bxg5 Qxg5 19.Rxd4 e5 20.Rd5 Qe7 21.Rad1 Nf6 22.Rd6 e4
23.Qd2 h6 24.h3 Qe5 25.Qd4 Qxd4 26.R1xd4 Re8 27.Rd8 Rxd8 28.Rxd8+ Kf7 29.Kf1 g5
30.Ke2 f4 31.gxf4 gxf4 32.Kd2 Re7 33.Rh8 Kg7 34.Rd8 e3+ 35.fxe3 fxe3+ 36.Ke2 Nh5
37.Bf3 Nf4+ 38.Ke1 Nxh3 39.b4 Ng5 40.Bg2 h5 41.c5 bxc5 42.bxc5 h4 43.c6 h3
44.Bh1 Kf6 45.Ke2 Ne6 46.Rd6 Ke5 47.Rd5+ Kf6 48.Rd6 Kf5 49.Kxe3 h2 50.Kf2 Ng5
51.Rd5+ Kf4 52.Rd4+ Kf5 53.Kg3 Rh7 54.Rd7 Rh3+ 55.Kg2 Rc3 56.Kxh2 Ne6 57.Bd5 Ke5  0-1

[Event "1st WMSG Blitz Team w"]
[Site "Beijing CHN"]
[Date "2008.10.13"]
[Round "11"]
[White "Tsiganova,M"]
[Black "Al Rufei,EH"]
[Result "1-0"]
[WhiteElo "2208"]
[BlackElo "2140"]

1.d4 Nf6 2.Nf3 d5 3.c4 e6 4.g3 Be7 5.Bg2 O-O 6.O-O Nbd7 7.Nc3 dxc4 8.e4 c5
9.d5 exd5 10.exd5 Nb6 11.Ne5 Bd6 12.f4 Re8 13.Re1 Bxe5 14.fxe5 Bg4 15.Qd2 Nfxd5
16.Nxd5 Nxd5 17.Qxd5 Qxd5 18.Bxd5 Rad8 19.Bxc4 a6 20.a4 Rd4 21.b3 b6 22.Bf4 h6
23.Bxa6 g5 24.Be3 Re4 25.Bf2 R4xe5 26.Bb5 R8e7 27.Bc4 Kg7 28.Rxe5 Rxe5 29.a5 bxa5
30.Rxa5 Re7 31.Rxc5 Rd7 32.Rd5 Rb7 33.Bd4+ f6 34.Rd6 Bh3 35.Rxf6 Kh7 36.Bd3+ Kg8
37.Rxh6 g4 38.Rh8+ Kf7 39.Rh7+  1-0

[Event "1st WMSG Rapid Team"]
[Site "Beijing CHN"]
[Date "2008.10.14"]
[Round "1"]
[White "Genutis,M"]
[Black "Friedel,J"]
[Result "0-1"]
[WhiteElo "2325"]
[BlackElo "2498"]

1.d4 Nf6 2.c4 e6 3.g3 d5 4.Bg2 Be7 5.Nf3 O-O 6.O-O dxc4 7.Qc2 a6 8.Qxc4 b5
9.Qc2 Bb7 10.Bd2 Ra7 11.Rc1 Be4 12.Qb3 Nc6 13.e3 Qa8 14.Qd1 b4 15.Be1 e5
16.Nbd2 Bd5 17.Nb3 exd4 18.exd4 Rd8 19.Bd2 a5 20.Qf1 Ne4 21.Be3 a4 22.Nc5 Nxc5
23.dxc5 Bf6 24.Rd1 Bxb2 25.Bg5 Bxa1 26.Bxd8 Nxd8 27.Qe2 Ne6 28.Rxa1 a3 29.Rd1 b3
30.axb3 a2 31.Ra1 Nxc5 32.Qe7 Nxb3 33.Ne5 c6 34.Rxa2 Rxa2 35.Bxd5 cxd5 36.Qxf7+ Kh8
37.Qe6 Ra7  0-1

[Event "1st WMSG Rapid Team w"]
[Site "Beijing CHN"]
[Date "2008.10.14"]
[Round "2"]
[White "Johansson,V"]
[Black "Al Rufei,EH"]
[Result "1-0"]
[WhiteElo "2179"]
[BlackElo "2140"]

1.d4 d5 2.Nf3 Nf6 3.c4 e6 4.g3 Be7 5.Bg2 O-O 6.Qc2 Nbd7 7.b3 c5 8.dxc5 Nxc5
9.O-O Bd7 10.cxd5 Nxd5 11.Bb2 Rc8 12.Qd2 Ne4 13.Qd3 Ndf6 14.Ne5 Nc5 15.Qd2 Bb5
16.Qxd8 Rfxd8 17.Nc3 Be8 18.Rfd1 a5 19.Nc4 Ra8 20.Rxd8 Bxd8 21.Rd1 Bc7 22.Ba3 Nfd7
23.Nb5 Bb8 24.Bxc5 Nxc5 25.Rd8 Kf8 26.Nbd6 Bxd6 27.Rxa8 Bc7 28.Nxa5 b6 29.Nc6 f6
30.Nd4 Kf7 31.Ra7 e5 32.Rxc7+ Kg6 33.Nc6 f5 34.Nxe5+ Kf6 35.Nc4 Nd7 36.Rb7  1-0

[Event "1st WMSG Rapid Team w"]
[Site "Beijing CHN"]
[Date "2008.10.15"]
[Round "6"]
[White "Ozturk,Ku"]
[Black "Le Kieu Thien Kim"]
[Result "1/2-1/2"]
[WhiteElo "2254"]
[BlackElo "2291"]

1.d4 d5 2.Nf3 Nf6 3.c4 e6 4.g3 Be7 5.Bg2 O-O 6.O-O c6 7.Nbd2 Nbd7 8.Qc2 b6
9.b3 Bb7 10.Bb2 Rc8 11.e4 dxe4 12.Nxe4 c5 13.Nxf6+ Bxf6 14.Ng5 Bxg5 15.Bxb7 Rc7
16.Bg2 Bf6 17.Rad1 cxd4 18.Bxd4 h6 19.Be3 Qe7 20.Rd2 b5 21.Rc1 Rfc8 22.Qd1 Bg5
23.Bxg5 hxg5 24.Rdc2 bxc4 25.Rxc4 Rxc4 26.bxc4 Nb6 27.Bf1 Qc5 28.Rb1 Qe7
29.a4 Qa3 30.Ra1 Qb4 31.a5 Nxc4 32.Rc1 Nd6 33.Rxc8+ Nxc8 34.Qd8+ Qf8 35.Qxg5 Qe7
36.Qc1 Nd6 37.a6 Qd8 38.Qc5 Qb8 39.h4 Nc8 40.Bd3 Nb6 41.Qc6 Qd8 42.Be4 Qd7
43.Qc5 Qd1+ 44.Kg2 Qe2 45.Qd4 g6 46.Bd3 Qa2 47.Qd8+ Kg7 48.Qd4+ Kg8 49.Kh2 Qd5
50.Qe3 Kg7 51.Bf1 Qf5 52.Bh3 Qb5 53.Qc3+ Kg8 54.Qa3 Qe2 55.Kg1 Qe1+ 56.Kg2 Qe4+
57.Kg1 Qe1+ 58.Kg2 Qe4+ 59.Kh2 Qe2 60.Kg1 Qe1+  1/2-1/2

[Event "Ugra Cup"]
[Site "Khantiy Mansiysk RUS"]
[Date "2008.10.15"]
[Round "1"]
[White "Kotsur,P"]
[Black "Karpov,Alexa"]
[Result "1-0"]
[WhiteElo "2563"]
[BlackElo "2330"]

1.d4 d5 2.c4 e6 3.Nf3 Nf6 4.g3 Be7 5.Bg2 O-O 6.Qc2 a6 7.Nbd2 Nc6 8.O-O dxc4
9.Qxc4 Qd5 10.b3 Qh5 11.Bb2 Bd7 12.Ne5 Ng4 13.Nxg4 Qxg4 14.Ne4 Rfd8 15.a3 Qh5
16.Rac1 Be8 17.Rfd1 Rab8 18.Qc3 Qh6 19.e3 Rd5 20.h4 Rdd8 21.b4 a5 22.b5 Na7
23.Qxc7 Bxa3 24.Bxa3 Nxb5 25.Qe7 Bc6 26.Bb2 Qg6 27.Nc5 Bxg2 28.Kxg2 b6 29.Nd7 Qe4+
30.Kg1 Qb7 31.Nf6+ gxf6 32.Qxf6 Qd5 33.e4 Qxe4 34.d5  1-0

[Event "XV PRO AM Open"]
[Site "Villa Martelli ARG"]
[Date "2008.10.16"]
[Round "7"]
[White "Di Benedetto,G"]
[Black "Rey Besada,F"]
[Result "1-0"]
[WhiteElo "2312"]
[BlackElo "2211"]

1.d4 Nf6 2.c4 e6 3.Nf3 d5 4.g3 Be7 5.Bg2 O-O 6.O-O dxc4 7.Ne5 Nc6 8.Nxc6 bxc6
9.Qa4 Qxd4 10.Rd1 Qb6 11.Be3 Qa6 12.Qxc6 Qxc6 13.Bxc6 Rb8 14.Bxa7 Rxb2 15.Bd4 Rb8
16.Nc3 Ba6 17.a4 Bb4 18.Nb5 Ba5 19.Rdc1 Nd5 20.Rxc4 Nb4 21.Bc5 Nxc6 22.Bxf8 Ne5
23.Re4 Kxf8 24.Rxe5 c6 25.Nd4  1-0

[Event "TCh-AUT 2nd Bundesliga West 2008-9"]
[Site "Austria AUT"]
[Date "2008.10.17"]
[Round "1"]
[White "Scheiblmaier,R"]
[Black "Huber,Wo"]
[Result "1/2-1/2"]
[WhiteElo "2121"]
[BlackElo "2048"]

1.d4 Nf6 2.c4 e6 3.g3 d5 4.Bg2 Be7 5.Nf3 O-O 6.O-O dxc4 7.Qc2 a6 8.a4 c5
9.dxc5 Bxc5 10.Qxc4 Qe7 11.Bg5 Nc6 12.Nbd2 h6 13.Bxf6 gxf6 14.Ne4 Bb4 15.Nd4 Kg7
16.Nxc6 bxc6 17.Rfd1 Bb7 18.Nxf6 Kxf6 19.Qh4+ Kg7 20.Qxe7 Bxe7 21.Rd7 Bb4
22.Rxb7 c5 23.Rxb4 cxb4 24.Bxa8 Rxa8 25.Rc1 Rd8 26.Rc2 Rd1+ 27.Kg2 Ra1 28.b3 Ra3
29.Rc6 Rxb3 30.Rxa6 Ra3 31.a5 b3 32.Rb6 Rxa5 33.Rxb3 Kg6 34.Rb6 Rc5 35.Ra6 Rb5
36.Rc6 Ra5 37.Rb6 Rc5 38.Ra6 Rb5 39.Rc6 Ra5 40.Rd6 Rb5 41.Ra6 Rc5 42.Ra8 Rb5
43.h4 Rc5 44.Ra6 Rb5 45.f3 h5 46.Kf2 Rc5 47.e4 Rb5 48.Ke3 Rb3+ 49.Kf4 Rb5
50.g4 hxg4 51.fxg4 Rc5 52.g5 Rc1 53.Ra3 Rh1 54.Kg4 f6 55.gxf6 Kxf6 56.Ra5 Rg1+
57.Kh5 Re1 58.Ra4 Rh1 59.Ra2 Ke5 60.Re2 Kf4 61.e5 Kf5 62.Re3 Kf4 63.Re2 Kf5  1/2-1/2

[Event "1st WMSG Rapid Team w KO"]
[Site "Beijing CHN"]
[Date "2008.10.17"]
[Round "2.2"]
[White "Vasilevich,T"]
[Black "Hou Yifan"]
[Result "0-1"]
[WhiteElo "2368"]
[BlackElo "2578"]

1.d4 Nf6 2.c4 e6 3.g3 d5 4.Bg2 Be7 5.Nf3 O-O 6.O-O dxc4 7.Qc2 a6 8.a4 Bd7
9.Qxc4 Bc6 10.Bf4 a5 11.Nc3 Na6 12.Rae1 Bd6 13.Bg5 h6 14.Bxf6 Qxf6 15.e4 e5
16.Nb5 Rfe8 17.dxe5 Bxe5 18.Nbd4 Bd7 19.b3 Rad8 20.Rd1 Bg4 21.h3 Rxd4 22.Rxd4 Bxf3
23.Rd5 c6 24.Rd7 Bxg2 25.Kxg2 Bc7 26.f4 Rd8 27.Rfd1 Re8 28.e5 Qe6 29.Qc3 Re7
30.Rxe7 Qxe7 31.Qd4 Nb4 32.Qd7 Qxd7 33.Rxd7 Nd5 34.Kf3 Kf8 35.f5 Bxe5 36.Rxb7 Bc3
37.g4 Bb4 38.h4 Be1 39.Ra7 Ke8 40.g5 hxg5 41.hxg5 Ne7 42.Kg4 Bc3 43.Ra8+ Kd7
44.Rf8 f6 45.g6 Bd2 46.Rf7 Bh6 47.Rf8 Nd5 48.Ra8 Bd2 49.Ra7+ Nc7 50.Rb7 Kc8
51.Rb6 Kd7 52.Rb8 Nd5 53.Rb7+ Nc7 54.Rb8 Be3 55.Rh8 Nd5 56.Ra8 Bd2 57.Ra7+ Nc7
58.Rb7 Kd6 59.Rb8 Nd5 60.Rg8 Bh6 61.Ra8 Bd2 62.Rg8 Bh6 63.Ra8 Nc7 64.Rxa5 Be3
65.b4 Bb6  0-1

[Event "TCh-AUT 2nd Bundesliga West 2008-9"]
[Site "Austria AUT"]
[Date "2008.10.18"]
[Round "2"]
[White "Dobosz,H"]
[Black "Froewis,G"]
[Result "1/2-1/2"]
[WhiteElo "2426"]
[BlackElo "2279"]

1.d4 d5 2.c4 e6 3.Nf3 Nf6 4.g3 Be7 5.Bg2 O-O 6.O-O dxc4 7.Qc2 a6 8.a4 Nbd7
9.Qxc4 b5 10.Qc2 Bb7 11.axb5 Be4 12.Qb3 Bd5 13.Qd3 Be4 14.Qd1 axb5 15.Rxa8 Qxa8
16.Nc3 Bc6 17.Ne1 Bxg2 18.Nxg2 b4 19.Na4 c5 20.Nxc5 Nxc5 21.dxc5 Bxc5  1/2-1/2

[Event "TCh-AUT 2nd Bundesliga West 2008-9"]
[Site "Austria AUT"]
[Date "2008.10.18"]
[Round "2"]
[White "Medvegy,Z"]
[Black "Westermeier,A"]
[Result "1-0"]
[WhiteElo "2556"]
[BlackElo "2274"]

1.d4 d5 2.c4 e6 3.Nf3 Nf6 4.g3 Be7 5.Bg2 O-O 6.O-O Nbd7 7.Qc2 c6 8.b3 b6
9.Rd1 Bb7 10.Nc3 Rc8 11.e4 c5 12.exd5 exd5 13.Bb2 Re8 14.cxd5 Nxd5 15.Nxd5 Bxd5
16.Qf5 Be6 17.Qb1 Qc7 18.h3 Bd5 19.dxc5 Qxc5 20.Ng5 Bxg5 21.Rxd5 Qe7 22.Qf5  1-0

[Event "Ugra Cup"]
[Site "Khantiy Mansiysk RUS"]
[Date "2008.10.18"]
[Round "4"]
[White "Lozhnikov,V"]
[Black "Karpov,Alexa"]
[Result "1-0"]
[WhiteElo "2250"]
[BlackElo "2330"]

1.d4 d5 2.c4 e6 3.Nf3 Nf6 4.g3 Be7 5.Bg2 O-O 6.Qc2 dxc4 7.Qxc4 a6 8.a4 Nc6
9.O-O Nb4 10.a5 Bd7 11.Nc3 Bc6 12.Bf4 b5 13.Qb3 Rc8 14.Rfd1 Ba8 15.Ne5 Bxg2
16.Kxg2 Qe8 17.Bg5 Nfd5 18.Nxd5 Nxd5 19.Bxe7 Qxe7 20.Nc6 Qd6 21.Rac1 Rfe8
22.Rc5 Nf6 23.Nb4 c6 24.Nxa6 Nd5 25.Nb4 Nxb4 26.Qxb4 e5 27.d5 Qd8 28.Rd2 cxd5
29.Rcxd5 Qf6 30.e4 h5 31.Qxb5 h4 32.Qd3 Qh6 33.h3 hxg3 34.fxg3 Re6 35.Rd8+ Rxd8
36.Qxd8+ Kh7 37.Qh4 Qxh4 38.gxh4  1-0

[Event "24th ECC"]
[Site "Kallithea GRE"]
[Date "2008.10.19"]
[Round "3"]
[White "Edvardsson,K"]
[Black "Vladimirov,V MKD"]
[Result "1/2-1/2"]
[WhiteElo "2245"]
[BlackElo "2227"]

1.d4 Nf6 2.c4 e6 3.g3 d5 4.Bg2 Be7 5.Nf3 O-O 6.O-O dxc4 7.Qc2 a6 8.a4 Nc6
9.Rd1 Na5 10.Nbd2 b5 11.axb5 axb5 12.b3 c3 13.Qxc3 Nd5 14.Qd3 f5 15.Bb2 Nb4
16.Qb1 Bb7 17.Bc3 Bd5 18.Bh3 Bd6 19.Ne5 Qe7 20.e3 Nac6 21.Nxc6 Bxc6 22.Rxa8 Rxa8
23.e4 fxe4 24.Nxe4 Nd5 25.Bd2 h6 26.Re1 Re8 27.Nxd6 Qxd6 28.Re5 Nf6 29.Qe1 Bd5
30.Qb1 Bb7 31.Bg2 Qxd4 32.Qe1 Bxg2 33.Kxg2 c6 34.Kg1 Kf7 35.Bc3 Qd3 36.Re3 Qd5
37.Bxf6 gxf6 38.Rc3 Rd8 39.Qe3 Qd1+ 40.Kg2 Qd5+ 41.Kg1 Qd2 42.Qxd2 Rxd2 43.Rxc6 Rd3
44.b4 Rd4 45.Rc7+ Kg6 46.Rc6 e5 47.Kg2 Rxb4 48.Rb6 Kf5 49.f3 Rb2+ 50.Kh3 b4
51.g4+ Kg5 52.Kg3 b3 53.h4+ Kg6 54.Rb7 h5 55.Rb6 hxg4 56.Kxg4 Rg2+ 57.Kh3 Rb2
58.Kg4 e4 59.fxe4 Rb1 60.Kg3 b2 61.Kg2 Kh5 62.Rb4 Kxh4 63.e5+ Kg5 64.exf6 Kxf6
65.Rb8 Ke7 66.Kh2 Kd7 67.Kg2 Kc7 68.Rb3 Kc6 69.Rb8  1/2-1/2

[Event "24th ECC"]
[Site "Kallithea GRE"]
[Date "2008.10.19"]
[Round "3"]
[White "Brunello,S"]
[Black "Kovacs,Ga2"]
[Result "1/2-1/2"]
[WhiteElo "2455"]
[BlackElo "2490"]

1.d4 d5 2.c4 e6 3.Nf3 Nf6 4.g3 Be7 5.Bg2 O-O 6.O-O dxc4 7.Qc2 a6 8.Qxc4 b5
9.Qc2 Bb7 10.Bd2 Be4 11.Qc1 Qc8 12.Bg5 Nbd7 13.Qf4 Bb7 14.Rc1 Bd6 15.Qh4 Ne4
16.Nbd2 Nxd2 17.Bxd2 Nf6 18.Bf4 Qd8 19.Ne1 Bxg2 20.Kxg2 h6 21.Bd2 e5 22.dxe5 Bxe5
23.Rc2 Qd5+ 24.Nf3 Rfe8 25.Rac1 Ne4 26.Qg4 Re6 27.Be1 Rae8 28.Nxe5 Rxe5 29.Qf3 c5
30.b3 Qe6 31.h4 Rf5 32.Qd3 Rd5 33.Qf3 Red8 34.Kg1 Rf5 35.Qg2 Nf6 36.Bc3 Ng4
37.e4 Rh5 38.Rd2 Rxd2 39.Bxd2 Ne5 40.f4 Nd3 41.f5 Qd6 42.Rf1 Qd4+ 43.Kh2 c4
44.Qe2 c3 45.Bxc3 Qxc3 46.Qxh5 Qd2+ 47.Kh3 Nf2+ 48.Rxf2 Qxf2 49.Qd1 Qe3 50.Qc2 h5
51.Kg2 Kh7 52.Kh2 Kg8 53.Kh3 Qg1 54.Qg2 Qe3 55.Kh2 Kh7 56.Qc2 Kg8 57.Kg2 Kh7
58.Kh2  1/2-1/2

[Event "13th ECC w"]
[Site "Kallithea GRE"]
[Date "2008.10.19"]
[Round "3"]
[White "Weigel,M"]
[Black "Limontaite,S"]
[Result "0-1"]
[WhiteElo "1865"]
[BlackElo "2197"]

1.d4 d5 2.g3 Nf6 3.Bg2 e6 4.Nf3 Be7 5.c4 O-O 6.O-O dxc4 7.Ne5 Nc6 8.Nxc6 bxc6
9.Bxc6 Rb8 10.e3 Nd5 11.a3 Qd6 12.Ba4 Bb7 13.Nc3 Nxc3 14.bxc3 Rfd8 15.Qe2 Qd5
16.f3 Qa5 17.Qc2 Rd6 18.Rb1 Rb6 19.Bd2 Ba8 20.Rxb6 cxb6 21.Rb1 Bxf3 22.Bb5 Be2
23.Qa2 Bd3  0-1

[Event "12th Essent Open"]
[Site "Hoogeveen NED"]
[Date "2008.10.21"]
[Round "5"]
[White "Ulibin,M"]
[Black "Cako,L"]
[Result "1-0"]
[WhiteElo "2521"]
[BlackElo "2233"]

1.c4 Nf6 2.g3 e6 3.Bg2 d5 4.Nf3 Be7 5.d4 c6 6.O-O b6 7.Nc3 Ba6 8.b3 Nbd7
9.Qd3 Rc8 10.Rd1 O-O 11.e4 c5 12.exd5 exd5 13.dxc5 dxc4 14.bxc4 Bxc5 15.Nb5 Ng4
16.Qxd7 Nxf2 17.Qxd8 Nxd1+ 18.Qd4 Bxb5 19.cxb5 Rfd8 20.Qxc5 Rxc5 21.Bf1 Nc3
22.Bg5 Rd1 23.Rxd1 Nxd1 24.Bf4 Rc2 25.Ne5 Rxa2 26.Nxf7 Nc3 27.Bc4 Ra4 28.Nd6+ Kh8
29.Nf7+ Kg8 30.Nd6+ Kh8 31.Kg2 Ne4 32.Nf7+ Kg8 33.Nd6+ Kh8 34.Nf7+ Kg8 35.Ne5+ Kh8
36.Kf3 Nd6 37.Nf7+ Nxf7 38.Bxf7 a6 39.bxa6 Rxa6 40.h4 b5 41.Ke4 b4 42.Kd4 Rb6
43.Kc5 Rb7 44.Bd5 Rd7 45.Bd6 h6 46.Kc6 Ra7 47.Bxb4 Ra4 48.Bd6 Ra7 49.Be5 Ra6+
50.Kd7 Ra5 51.Ke6 Ra7 52.Be4 Kg8 53.Bg6 Rb7 54.Bd6 Ra7 55.Be8 Rb7 56.Bd7 Ra7
57.Ke7 Rb7 58.Ke8 Rb6 59.Be6+ Kh8 60.Ke7 Ra6 61.g4 Ra7+ 62.Bd7 Kg8 63.Bc5 Rb7
64.Bd4 Rc7 65.Ke8 Rb7 66.Be6+ Kh8 67.Bc5 Rc7 68.Bd4 Rb7 69.Kf8 Rc7 70.h5 Rb7
71.g5 Rb8+ 72.Kf7 Rb7+ 73.Kg6 Rb5 74.Bxg7+  1-0

[Event "13th ECC w"]
[Site "Kallithea GRE"]
[Date "2008.10.21"]
[Round "5"]
[White "Hoang Thanh Trang"]
[Black "Hou Yifan"]
[Result "1/2-1/2"]
[WhiteElo "2483"]
[BlackElo "2578"]

1.d4 e6 2.c4 Nf6 3.g3 d5 4.Nf3 Be7 5.Bg2 O-O 6.O-O dxc4 7.Qc2 a6 8.Qxc4 b5
9.Qc2 Bb7 10.Bd2 Be4 11.Qc1 Bb7 12.Qc2 Be4 13.Qc1 Qc8 14.Nc3 Bb7 15.Qc2 c5
16.dxc5 Bxc5 17.Rac1 Nbd7 18.Bf4 Qd8 19.Ne5 Bxg2 20.Kxg2 Qb6 21.Nxd7 Nxd7
22.Ne4 Qb7 23.f3 Rac8 24.Qd3 Be7 25.Bd6 Nb6 26.Nc5 Qa7 27.Bxe7 Qxe7 28.Nxa6 Nc4
29.b3 Rfd8 30.Qc3 Nd6 31.Qb4 Ra8 32.Nc7 Rxa2 33.Nxb5 Rxe2+ 34.Kh1 Nf5 35.Qxe7 Nxe7
36.Rfd1 Rxd1+ 37.Rxd1 g5 38.Nd4 Rb2 39.Rc1 e5 40.Nc6 Nxc6 41.Rxc6 Rxb3 42.Kg2 Kg7
43.g4 Rb4 44.Kg3 h5 45.gxh5 Rh4 46.Rc8 f6 47.Rc7+ Kh6 48.Rc8 Rxh5 49.Rc4 Kg6
50.h3 Kf5 51.Ra4 Rh4 52.Ra5 Rb4 53.Rc5 Rb3 54.Rc4 Kg6 55.h4 f5 56.Kf2 Rb2+
57.Ke1 gxh4 58.Rxh4 Kg5 59.Ra4 Rh2 60.Kf1 Rd2 61.Ke1 Rd4 62.Ra2 Kf4 63.Kf2 Rb4
64.Rc2 Ra4 65.Rb2 Rc4 66.Ra2 Rb4 67.Rc2 Rb8 68.Rc4+ e4 69.fxe4 fxe4 70.Rc3 Rh8
71.Ra3 Rh2+ 72.Ke1 Rb2 73.Kf1  1/2-1/2

[Event "13th ECC w"]
[Site "Kallithea GRE"]
[Date "2008.10.23"]
[Round "7"]
[White "Cosma,E"]
[Black "Steil Antoni,F"]
[Result "1-0"]
[WhiteElo "2340"]
[BlackElo "2166"]

1.d4 d5 2.c4 e6 3.Nf3 Nf6 4.g3 Be7 5.Bg2 O-O 6.O-O dxc4 7.Qc2 a6 8.a4 Bd7
9.Rd1 Bc6 10.Nc3 Nd5 11.e4 Nxc3 12.bxc3 b6 13.d5 exd5 14.exd5 Bb7 15.Ne5 Bc5
16.Bf4 Bd6 17.Nc6 Qf6 18.Bxd6 Qxd6 19.Qe4 Nd7 20.Qxc4 Rfe8 21.Qb4 Qf6 22.Qd4 Bxc6
23.dxc6 Ne5 24.f4 Ng4 25.Qxf6 Nxf6 26.Rd7 Nxd7 27.cxd7 Red8 28.Bc6 Rab8 29.Re1 Kf8
30.c4 g6 31.Kf2 Kg7 32.Re8 h6 33.Kf3 f5 34.Ke3 Kf7 35.Bd5+ Kf6 36.Bc6 Kf7
37.Re5 Rh8 38.Kd4 h5 39.h4 Rhd8 40.Kd5 Rf8 41.Kd4 Rfd8 42.Bd5+ Kf8 43.Bc6 Kf7
44.Re2 Rxd7+ 45.Bxd7 Rd8 46.Kd5 Rxd7+ 47.Kc6 Rd3 48.Kxc7 Ra3 49.Kxb6 Rxa4
50.c5 Ra1 51.c6 Rc1 52.Re5  1-0

[Event "Autumn"]
[Site "Nea Filadelfia GRE"]
[Date "2008.10.23"]
[Round "2"]
[White "Andronis,V"]
[Black "Tassopoulos,M"]
[Result "1/2-1/2"]
[WhiteElo "2072"]
[BlackElo "2280"]

1.d4 d5 2.c4 e6 3.g3 Nf6 4.Bg2 Be7 5.Nf3 O-O 6.O-O dxc4 7.Qc2 a6 8.a4 Bd7
9.Nbd2 Nc6 10.Qxc4 Nb4 11.Ne5 b5 12.Qb3 bxa4 13.Qd1 Rb8 14.Nxd7 Nxd7 15.Ne4 Nb6
16.Nc5 e5 17.e3 Bxc5 18.dxc5 Nd7 19.Rxa4 Nxc5 20.Ra5 Qe7 21.Bd2 Rfd8 22.Ra1 Nbd3
23.Bc3 Nxb2 24.Qh5 Nc4 25.Qg4 Qe6 26.Qh4 Nd6 27.Rab1 Nf5 28.Qg5 f6 29.Qg4 Rxb1
30.Rxb1 Nd4 31.Qh5 g6 32.Qd1 Nc6 33.Rb8 Rxb8 34.Bd5 Kf7 35.Qf3 Ne7 36.Bxe6+ Kxe6
37.Qg4+ Kd6 38.Qh4 Nd5 39.Bd2 Rb2 40.e4 Nxe4 41.Bc1 Rb1 42.Qxe4 Rxc1+ 43.Kg2 Rc6
44.Qa4 Ne7 45.Qh4 Ke6 46.Qxh7 Rc4 47.Qh8 a5 48.Qa8 Rc5 49.h4 f5 50.f3 Rc2+
51.Kh3 Rc3 52.Kg2 Rc4 53.Kf2 Rc2+ 54.Ke1 Rg2 55.Qxa5 Rxg3 56.Ke2 f4 57.Qxc7 Rh3
58.Qc4+ Kf6 59.Qc5 Rxh4 60.Qd6+ Kf7 61.Qxe5 Nf5 62.Qc7+ Kg8 63.Qd8+ Kh7 64.Qf8 Ng7
65.Qf6 Nf5 66.Qf7+ Kh6 67.Qf8+ Kg5 68.Qd8+ Kh5 69.Qh8+ Kg5  1/2-1/2

[Event "8th Rohde Open"]
[Site "Sautron FRA"]
[Date "2008.10.27"]
[Round "4"]
[White "Lafuente,P"]
[Black "Serafimov,Di"]
[Result "1-0"]
[WhiteElo "2522"]
[BlackElo "2197"]

1.d4 d5 2.c4 e6 3.Nf3 Be7 4.g3 Nf6 5.Bg2 O-O 6.O-O b6 7.Nc3 Bb7 8.Ne5 c5
9.dxc5 bxc5 10.cxd5 exd5 11.Qb3 Bc6 12.Rd1 Qe8 13.Nxc6 Nxc6 14.Nxd5 Nxd5
15.Bxd5 Nd4 16.Qc4 Rd8 17.Be3 Bf6 18.Bg2 Qe5 19.Rac1 Rfe8 20.Bf1 h6 21.b3 Qh5
22.Rd3 Rc8 23.b4 Nxe2+ 24.Bxe2 Qxe2 25.bxc5 Qb2 26.Rd7 Re6 27.Rxa7 Bg5 28.Bxg5 hxg5
29.Kg2 Rf6 30.Rc2 Qb1 31.Rd7 Qe1 32.Qd3 g6 33.Rd8+ Rxd8 34.Qxd8+ Kg7 35.Qd4 Qb1
36.Qc3 Qb8 37.c6 Qc7 38.Qd4 g4 39.a4 Qc8 40.Rc5 Qa8 41.h3 gxh3+ 42.Kxh3 Qh8+
43.Kg2 Qf8 44.c7 Qc8 45.Kg1 Qd8  1-0

[Event "WYCC Boys U14"]
[Site "Vung Tau City VIE"]
[Date "2008.10.27"]
[Round "8"]
[White "Franklin,S"]
[Black "Galehdari,B"]
[Result "0-1"]
[WhiteElo "2156"]
[BlackElo "1912"]

1.Nf3 d5 2.c4 e6 3.g3 Nf6 4.Bg2 Be7 5.d4 O-O 6.O-O dxc4 7.Qc2 Nbd7 8.Qxc4 c5
9.Rd1 Nb6 10.Qc2 cxd4 11.Nxd4 Nfd5 12.e4 Nb4 13.Qe2 Qc7 14.Nc3 Bd7 15.a3 Na6
16.Be3 Qc4 17.Qe1 e5 18.Nf3 Qe6 19.Bxb6 axb6 20.Nxe5 Bc6 21.Nd3 Nc5 22.Nf4 Qe5
23.Nfd5 Nb3 24.Nxe7+ Qxe7 25.Rab1 Qc5 26.Qe2 h6 27.Nd5 Ba4 28.Qe3 Qxe3 29.Nxe3 Rfe8
30.Nd5 Nc5 31.Rd4 Rad8 32.Ne7+ Kf8 33.Rxd8 Rxd8 34.Nd5 Bc2 35.Rc1 Bxe4 36.Rxc5 Bxg2
37.Nxb6 Bc6 38.Rc1 Rd2 39.Nc4 Re2 40.Kf1 Re6 41.Re1 Bg2+ 42.Kxg2 Rxe1 43.Nd6 Rb1
44.b4 Rb3 45.Nxb7 Rxa3 46.b5 Rb3 47.Nd6 Ke7 48.Nf5+ Kf6 49.Nd6 g6 50.h4 Ke6
51.Nc4 Rxb5 52.Ne3 f5 53.Nc2 Ke5 54.Ne1 Ke4 55.Nf3 Rb2 56.Nh2 f4 57.Ng4 f3+
58.Kg1 h5  0-1

[Event "WYCC Boys U16"]
[Site "Vung Tau City VIE"]
[Date "2008.10.27"]
[Round "8"]
[White "Grandelius,N"]
[Black "Bregadze,L"]
[Result "1/2-1/2"]
[WhiteElo "2464"]
[BlackElo "2387"]

1.d4 Nf6 2.c4 e6 3.Nf3 d5 4.g3 Be7 5.Bg2 O-O 6.O-O dxc4 7.Qc2 a6 8.Qxc4 b5
9.Qc2 Bb7 10.Bg5 Nbd7 11.Bxf6 Nxf6 12.Nbd2 Rc8 13.Nb3 Be4 14.Qc3 Nd5 15.Qd2 Nb6
16.Qe3 Ba8 17.Rac1 Nc4 18.Qc3 Bf6 19.Qc2 c5 20.Nxc5 Bxd4 21.Nxd4  1/2-1/2

[Event "WYCC Boys U16"]
[Site "Vung Tau City VIE"]
[Date "2008.10.27"]
[Round "8"]
[White "Kavinda,A"]
[Black "Martchenko,A"]
[Result "1-0"]
[WhiteElo "1984"]
[BlackElo "2039"]

1.Nf3 Nf6 2.c4 e6 3.g3 d5 4.Bg2 Be7 5.d4 O-O 6.O-O c6 7.Nbd2 Nbd7 8.Qc2 b6
9.b3 Bb7 10.Bb2 Rc8 11.Rad1 c5 12.Qb1 dxc4 13.Nxc4 b5 14.Nce5 c4 15.Nxd7 Nxd7
16.bxc4 bxc4 17.Bc3 Bc6 18.e4 Nb6 19.Ba5 Qd6 20.Rc1 Ba8 21.Qc2 Qa3 22.Bc3 Na4
23.Nd2 Nxc3 24.Qxc3 Qxc3 25.Rxc3 Bb4 26.Rc2 c3 27.Nb3 a5 28.a4 Bb7 29.Rd1 Rfd8
30.f4 Bc6 31.Ra1 Rb8 32.Raa2 f6 33.Kf2 Be8 34.Ke3 Bf7 35.e5 fxe5 36.fxe5 Bh5
37.Bf3 Bxf3 38.Kxf3 Rf8+ 39.Ke3 Rf1 40.Rc1 Rf5 41.Rf2 Rbf8 42.Rcc2 h5 43.Rxf5 Rxf5
44.Rf2 Rxf2 45.Kxf2 Kf7 46.Ke2 h4 47.g4 h3 48.Kd3 Ke7 49.Nc1 Kd7 50.Ne2 Kc6
51.Nxc3 Be7 52.Ne2 Bh4 53.Ng1 Bg3 54.Nf3 Bf4 55.Ke4 Bc1 56.Ng1  1-0

[Event "WYCC Girls U16"]
[Site "Vung Tau City VIE"]
[Date "2008.10.27"]
[Round "8"]
[White "Abylkassymova,R"]
[Black "Papp,P"]
[Result "1-0"]
[WhiteElo "1834"]
[BlackElo "2126"]

1.Nf3 d5 2.d4 Nf6 3.c4 e6 4.g3 Be7 5.Bg2 O-O 6.O-O dxc4 7.Qc2 a6 8.Qxc4 b5
9.Qc2 Bb7 10.Bf4 Nc6 11.Rd1 Nb4 12.Qc1 Nbd5 13.Nbd2 Nd7 14.Nb3 a5 15.Nc5 Nxc5
16.dxc5 Qe8 17.Ne5 Ra6 18.e4 Nxf4 19.Qxf4 Bc6 20.Rac1 f6 21.Nxc6 Rxc6 22.Qe3 Ra6
23.Qd3 Ra8 24.Qb3 Bd8 25.Bh3 Ra6 26.Bf1 c6 27.Bh3 Ra7 28.Qxe6+ Kh8 29.Qxe8 Rxe8
30.Bd7 Rf8 31.Bxc6 b4 32.Rd7 Rxd7 33.Bxd7 Bc7 34.c6 g6 35.Rc5 Rb8 36.Rd5 Kg7
37.f4 Kf7 38.Kf2 Ke7 39.h4 h6 40.Kf3 Rd8 41.Ke2 Kf8 42.Kd3 Ra8 43.Kc4 Rb8
44.h5 g5 45.fxg5 fxg5 46.g4 Ke7 47.Bf5 Rd8 48.Bd7 Rb8 49.Rf5 Rd8 50.Kb5 Rf8
51.Ka6 Rb8 52.b3 Bd8 53.Ka7 Rb6 54.Rd5 Bc7 55.e5 Rb8 56.Bf5 Rd8 57.Bd7 Rb8
58.e6 Rb6 59.Rf5 Kd6 60.Rf7 Ke5 61.e7  1-0